Associez la Musique à l'Artiste - Statistiques

Statistiques générales
  • Ce quiz a été pris 668 fois
  • Le résultat moyen est 15 sur 20
Statistiques - réponses
Hint Réponse % Correct
Gimme ! Gimme ! Gimme ! ABBA
93%
We Are The Champions Queen
91%
Toxic Britney Spears
89%
The Real Slim Shady Eminem
85%
Highway To Hell AC/DC
84%
I'm Still Standing Elton John
83%
Barbie Girl Aqua
82%
I Will Always Love You Whitney Houston
81%
Wonderwall Oasis
77%
Hey Jude The Beatles
75%
Gangsta's Paradise Coolio
74%
Smooth Criminal Michael Jackson
74%
Hotel California Eagles
73%
Jailhouse Rock Elvis Presley
64%
Another Brick In The Wall Pink Floyd
63%
Dream On Aerosmith
61%
In The End Linkin Park
61%
Stairway To Heaven Led Zeppelin
53%
What Is Love Haddaway
52%
Sweet Child O'Mine Guns N'Roses
51%
Aucun quiz correspondant
Distribution des résultats
% des personnes avec chaque résultat
Percentile par nombre de réponses
Votre historique - résultats
Vous n’avez pas pris ce quiz